Dos beyond 640K

Bibliographic Details
Main Author: Forney, Jim
Format: Book
Published: New York : Windcrest , 1994
Edition:3rd ed
Subjects:

MARC

LEADER 00000cam a2200000 7i4500
001 0000007725
002 000008295
005 20080130.0
020 |a 007021610X 
090 0 0 |a 004.53   |b FOR 
100 1 |a Forney, Jim 
245 1 0 |a Dos beyond 640K   |c Jim Forney 
250 |a 3rd ed 
260 |a New York :   |b Windcrest ,   |c 1994 
300 |a 265p. ;   |c 23cm. 
650 0 0 |a Operating system (Computers) 
999 |a 053072   |b BUKU   |c PINJAMAN   |e PERPUSTAKAAN KOMUNITI PETALING JAYA